000 00287nam a22001337a 4500
005 20250616133505.0
008 250616b |||||||| |||| 00| 0 eng d
020 _a9964952120
050 _aBS478
_bBAC
100 _aBACH L.
245 _aTYPOLOGY
300 _a166p
942 _2lcc
_cBK
_n0
999 _c6520
_d6520